Online
Catalog

Obras completas / (Record no. 6111)

MARC details
000 -CABECERA
campo de control de longitud fija 00642cam a2200169 a 4500
001 - NÚMERO DE CONTROL
campo de control 000006316
005 - FECHA Y HORA DE LA ÚLTIMA TRANSACCIÓN
campo de control 20200929153921.0
008 - DATOS DE LONGITUD FIJA--INFORMACIÓN GENERAL
campo de control de longitud fija 840214r19471948sp a 000 0 spa d
040 ## - FUENTE DE LA CATALOGACIÓN
Centro catalogador/agencia de origen DO-SdBNP
Lengua de catalogación spa
Centro/agencia transcriptor BNPHU
082 ## - NÚMERO DE LA CLASIFICACIÓN DECIMAL DEWEY
Número de clasificación xx
Número de documento/Ítem V857ó
100 1# - ENTRADA PRINCIPAL--NOMBRE DE PERSONA
Nombre de persona Vives, Juan Luis,
Fechas asociadas al nombre 1492-1540.
9 (RLIN) 17618
245 00 - MENCIÓN DE TÍTULO
Título Obras completas /
Mención de responsabilidad, etc. primera traslación castellana integra y directa, comentarios, notas y un ensayo biobibliográfico Juan Luis Vives, Valenciano Lorenzo Riber.
260 ## - PUBLICACIÓN, DISTRIBUCIÓN, ETC.
Lugar de publicación, distribución, etc. Madrid :
Nombre del editor, distribuidor, etc. M. Aguilar,
Fecha de publicación, distribución, etc. 1947-1948.
300 ## - DESCRIPCIÓN FÍSICA
Extensión 2 v. :
Otras características físicas il. ;
Dimensiones 18 cm.
650 #0 - PUNTO DE ACCESO ADICIONAL DE MATERIA--TÉRMINO DE MATERIA
Término de materia o nombre geográfico como elemento de entrada Philosophy
Subdivisión general Collected works.
9 (RLIN) 17619
700 1# - PUNTO DE ACCESO ADICIONAL--NOMBRE DE PERSONA
Nombre de persona Riber, Lorenzo,
Fechas asociadas al nombre 1882-
Término indicativo de función/relación ed.
9 (RLIN) 17620
Holdings
Estado de retiro Estado de pérdida Restricciones de uso No para préstamo Código de colección Localización permanente Ubicación/localización actual Ubicación en estantería Fecha de adquisición Número de inventario Total de préstamos Signatura topográfica completa Código de barras Fecha visto por última vez Precio válido a partir de Tipo de ítem Koha
    Préstamo interno   Monografías: Libros y Folletos General General En catalogación 27.08.2009 LF1   v.1 6316-10 25.06.2020 25.06.2020 Préstamo interno
        Monografías: Libros y Folletos General General En catalogación 19.10.2009 LF1   v.2 6316-20 25.06.2020 25.06.2020 Préstamo en sala
        Monografías: Libros y Folletos General General En catalogación 02.07.2010 LF1   v.1, e.2 6316-30 25.06.2020 25.06.2020 Préstamo en sala
        Monografías: Libros y Folletos General General En catalogación 05.07.2010 LF1   v.2, e.2 6316-40 25.06.2020 25.06.2020 Préstamo en sala

Powered by Koha